| 000 | 00441nam a22001697a 4500 | ||
|---|---|---|---|
| 003 | SGT | ||
| 020 | _a9789354658570 | ||
| 082 |
_a614.44 _bD23B |
||
| 100 | _aBANERJEE, BRATATI | ||
| 245 | _aDK TANEJA'S HEALTH POLICIES & PROGRAMMES IN INDIA | ||
| 250 | _a17TH | ||
| 260 |
_aINDIA _bJAYPEE PUB _c2023 |
||
| 300 | _a634 | ||
| 650 | _aCOMMUNITY MEDICINE | ||
| 653 | _aDK TANEJA'S HEALTH POLICIES & PROGRAMMES IN INDIA | ||
| 942 |
_2ddc _cBK |
||
| 999 |
_c30668 _d30668 |
||